[Event "Zheleznogorsk-ch"]
[Site "Zheleznogorsk"]
[Date "2017.03.01"]
[Round "9"]
[White "Shmakov, DN."]
[Black "Skladchikov, Yuri"]
[Result "1/2-1/2"]
[WhiteElo "2338"]
[BlackElo "1858"]
[PlyCount "72"]
[EventDate "2017.02.06"]
[EventType "swiss"]
[EventRounds "9"]
[EventCountry "RUS"]
[SourceTitle "CBM 177 Extra"]
[Source "ChessBase"]
[SourceDate "2017.04.27"]
[SourceVersion "1"]
[SourceVersionDate "2017.04.27"]
[SourceQuality "1"]

1. e4 c5 2. Nc3 Nc6 3. g3 a6 4. Bg2 e5 5. d3 d6 6. f4 Nf6 7. Nf3 Bg4 8. h3 Bxf3 9. Qxf3 Nd4 10. Qf2 b5 11. 0-0 Qd7 12. fxe5 dxe5 13. Bg5 Be7 14. Nd5 Qd6 15. Bxf6 gxf6 16. c3 Nc6 17. Rad1 Ra7 18. h4 Rg8 19. Kh2 Rg6 20. Bh3 Rb7 21. Bf5 Rg7 22. Qe3 Kf8 23. Rf2 b4 24. Rdf1 bxc3 25. bxc3 Rb5 26. Bc8 Ra5 27. Rb1 Rb5 28. Rfb2 f5 29. Bxf5 Rxb2+ 30. Rxb2 Bd8 31. Rb7 Ne7 32. Rd7 Nxd5 33. exd5 Qb6 34. Bh3 Bxh4 35. gxh4 Qb2+ 36. Kh1 Qb1+ 1/2-1/2

[Event "Zheleznogorsk-ch"]
[Site "Zheleznogorsk"]
[Date "2017.02.08"]
[Round "2"]
[White "Shmakov, DN."]
[Black "Maiboroda, Viktor"]
[Result "1-0"]
[WhiteElo "2338"]
[BlackElo "1696"]
[PlyCount "77"]
[EventDate "2017.02.06"]
[EventType "swiss"]
[EventRounds "9"]
[EventCountry "RUS"]
[SourceTitle "CBM 177 Extra"]
[Source "ChessBase"]
[SourceDate "2017.04.27"]
[SourceVersion "1"]
[SourceVersionDate "2017.04.27"]
[SourceQuality "1"]

1. e4 Nf6 2. e5 Nd5 3. d4 d6 4. Nf3 Bg4 5. Be2 e6 6. h3 Bh5 7. 0-0 Be7 8. c4 Nb6 9. Nc3 0-0 10. Be3 Nc6 11. exd6 cxd6 12. d5 exd5 13. Nxd5 Bxf3 14. Bxf3 Nxc4 15. Qb3 N4a5 16. Qa4 Ne5 17. Nxe7+ Qxe7 18. Qxa5 Nxf3+ 19. gxf3 b6 20. Qg5 Qe6 21. Bd4 f6 22. Qg4 Qc4 23. b3 Qb5 24. Rac1 Rf7 25. Rc8+ Rxc8 26. Qxc8+ Rf8 27. Qc4+ Qxc4 28. bxc4 Rc8 29. Rc1 Kf7 30. Kf1 g6 31. Ke2 f5 32. Kd3 Re8 33. a4 g5 34. a5 bxa5 35. Ra1 a6 36. Rxa5 Ra8 37. Rxf5+ Kg6 38. Rf6+ Kh5 39. Rxd6 1-0

[Event "Izmailov Memorial op 10th"]
[Site "Tomsk"]
[Date "2006.07.14"]
[Round "4"]
[White "Sorokin, Maxim"]
[Black "Shmakov, DN."]
[Result "1-0"]
[WhiteElo "2559"]
[BlackElo "2353"]
[PlyCount "117"]
[EventDate "2006.07.12"]
[EventType "swiss"]
[EventRounds "9"]
[EventCountry "RUS"]
[SourceTitle "EXT 2008"]
[Source "ChessBase"]
[SourceDate "2007.11.25"]
[SourceVersion "1"]
[SourceVersionDate "2007.11.25"]
[SourceQuality "1"]

1. Nf3 Nf6 2. c4 e6 3. g3 b6 4. Bg2 Bb7 5. 0-0 c5 6. b3 d5 7. Bb2 d4 8. e3 dxe3 9. dxe3 Be7 10. Nc3 Nbd7 11. Qe2 0-0 12. e4 e5 13. Rad1 Qc7 14. Bh3 a6 15. Rd2 Rfe8 16. Rfd1 Nf8 17. Nd5 Bxd5 18. cxd5 Bd6 19. Nh4 Ng6 20. Nf5 Ne7 21. Nxd6 Qxd6 22. Rc2 a5 23. f3 Ng6 24. Qb5 Red8 25. a3 Ne8 26. Rcd2 Ra7 27. Qc6 Rc7 28. Qxd6 Nxd6 29. Bf1 f6 30. Rc2 Nf8 31. h4 Kf7 32. Bc1 h5 33. Be3 Nd7 34. b4 axb4 35. axb4 Ke7 36. Rdc1 Rdc8 37. Bh3 f5 38. exf5 c4 39. g4 Nb5 40. Bf1 Nd4 41. Rxc4 Rxc4 42. Rxc4 Rxc4 43. Bxc4 Nxf3+ 44. Kf2 hxg4 45. Kg3 Nd4 46. Bg5+ Nf6 47. Bd3 Kf7 48. d6 b5 49. Bxf6 Kxf6 50. Be4 Nb3 51. Kxg4 Nd2 52. Bc6 Nc4 53. d7 Ke7 54. Bxb5 Ne3+ 55. Kg5 Nd5 56. Kg6 Nf4+ 57. Kxg7 Nd5 58. h5 e4 59. h6 1-0

[Event "RUS-Cup01"]
[Site "Tomsk"]
[Date "2003.07.09"]
[Round "6"]
[White "Shmakov, DN."]
[Black "Karpov, Viktor"]
[Result "1-0"]
[WhiteElo "2375"]
[BlackElo "2169"]
[PlyCount "81"]
[EventDate "2003.07.04"]
[EventType "swiss"]
[EventRounds "9"]
[EventCountry "RUS"]
[SourceTitle "CBM 095 Extra"]
[Source "ChessBase"]
[SourceDate "2003.09.04"]
[SourceVersion "1"]
[SourceVersionDate "2003.09.04"]
[SourceQuality "1"]

1. e4 e5 2. Nf3 Nc6 3. Bb5 a6 4. Ba4 Nf6 5. 0-0 b5 6. Bb3 Be7 7. Re1 d6 8. c3 0-0 9. h3 h6 10. d4 Bb7 11. Nbd2 Nd7 12. Bc2 Bf6 13. d5 Ne7 14. Nf1 Kh7 15. h4 g6 16. g4 Bg7 17. Ng3 Nb6 18. h5 g5 19. b3 Bf6 20. a4 bxa4 21. bxa4 a5 22. Nd4 Ba6 23. Nb5 Qd7 24. Bd3 Rfb8 25. c4 Kg7 26. Be3 c5 27. Bd2 Bxb5 28. axb5 a4 29. Ra3 Ra7 30. Qe2 Rba8 31. Nf1 Nec8 32. Ne3 Bd8 33. Bc3 Kh7 34. Rea1 Qe7 35. R1a2 Qf6 36. Bd2 Kg8 37. Kg2 Kh7 38. Qf3 Qf4 39. Nd1 Qxf3+ 40. Kxf3 Kg7 41. Ke3 1-0

[Event "RUS-ch54 sf Sibiria"]
[Site "Novosibirsk"]
[Date "2001.04.??"]
[Round "9"]
[White "Kalashnikov, Konstantin"]
[Black "Shmakov, DN."]
[Result "0-1"]
[WhiteElo "2399"]
[BlackElo "2381"]
[PlyCount "115"]
[EventDate "2001.04.19"]
[EventType "swiss"]
[EventRounds "9"]
[EventCountry "RUS"]
[SourceTitle "CBM 082 Extra"]
[Source "ChessBase"]
[SourceDate "2001.07.03"]
[SourceVersion "1"]
[SourceVersionDate "2001.07.03"]
[SourceQuality "1"]

1. e4 c5 2. Nf3 d6 3. Nc3 Nf6 4. d4 cxd4 5. Nxd4 Nc6 6. Bg5 e6 7. Qd2 a6 8. 0-0-0 Bd7 9. Nxc6 Bxc6 10. Qe1 Qa5 11. f4 0-0-0 12. Be2 Be7 13. Bf3 h6 14. Bh4 g5 15. Nd5 Qxe1 16. Nxe7+ Kd7 17. Bxe1 Kxe7 18. e5 dxe5 19. Bb4+ Ke8 20. Bxc6+ bxc6 21. fxe5 Nd5 22. Bc5 g4 23. Rhf1 Rh7 24. c4 Ne7 25. Rxd8+ Kxd8 26. Rd1+ Ke8 27. Bb6 Ng6 28. Bd4 h5 29. b4 h4 30. Kd2 Rh5 31. Re1 Nf4 32. Re4 Rf5 33. g3 hxg3 34. hxg3 Ng6 35. a4 Rf3 36. Rxg4 Ra3 37. a5 Kd7 38. Bc3 c5 39. b5 Ra2+ 40. Kc1 Re2 41. Kd1 Rg2 42. Re4 Rxg3 43. Kc2 Ne7 44. Rf4 Nf5 45. bxa6 Kc8 46. Kb2 Kb8 47. Re4 Ka7 48. Be1 Rf3 49. Bc3 Kxa6 50. Be1 Nd4 51. Bd2 Rb3+ 52. Kc1 Rd3 53. Be3 Kxa5 54. Bf2 Kb4 55. Be1+ Kxc4 56. Rf4 Rf3 57. Rg4 Re3 58. Bg3 0-1

[Event "RUS-ch54 sf Sibiria"]
[Site "Novosibirsk"]
[Date "2001.??.??"]
[Round "5"]
[White "Frolov, Denis"]
[Black "Shmakov, DN."]
[Result "1-0"]
[WhiteElo "2442"]
[BlackElo "2381"]
[PlyCount "115"]
[EventDate "2001.04.19"]
[EventType "swiss"]
[EventRounds "9"]
[EventCountry "RUS"]
[SourceTitle "CBM 082 Extra"]
[Source "ChessBase"]
[SourceDate "2001.07.03"]
[SourceVersion "1"]
[SourceVersionDate "2001.07.03"]
[SourceQuality "1"]

1. e4 c6 2. d4 d5 3. Nc3 dxe4 4. Nxe4 Bf5 5. Ng3 Bg6 6. Nf3 Nd7 7. Nh4 e6 8. Nxg6 hxg6 9. c3 Ngf6 10. Qc2 Bd6 11. Ne4 Nxe4 12. Qxe4 Nf6 13. Qf3 Qa5 14. g3 0-0-0 15. Bg2 Qb5 16. a4 Qc4 17. Qe2 Qxe2+ 18. Kxe2 e5 19. dxe5 Bxe5 20. Be3 a5 21. h4 Kc7 22. Bf3 Nd5 23. Bxd5 Rxd5 24. Rad1 Rhd8 25. Rxd5 Rxd5 26. h5 b5 27. hxg6 fxg6 28. Rh4 Bf6 29. Rg4 bxa4 30. Rxa4 Rb5 31. Bc1 Re5+ 32. Kd3 Kb6 33. c4 Re8 34. b3 Rd8+ 35. Kc2 c5 36. Bd2 Ra8 37. Be3 Rd8 38. Bd2 Ra8 39. g4 Bd4 40. f3 Ra7 41. Kd3 Bf6 42. f4 Bd8 43. Bc3 g5 44. fxg5 Bxg5 45. Ke4 Bd8 46. Kf5 g5 47. Bd2 Ka6 48. Bxg5 Bxg5 49. Kxg5 Rf7 50. Kh6 Rf3 51. Ra3 Rh3+ 52. Kg6 Kb6 53. g5 a4 54. Rxa4 Rxb3 55. Kf5 Rb4 56. Rxb4+ cxb4 57. Ke4 Ka5 58. Kd3 1-0

[Event "RUS-Cup"]
[Site "Krasnoyarsk"]
[Date "1998.??.??"]
[Round "1"]
[White "Shmakov, DN."]
[Black "Volkov, Sergey"]
[Result "1/2-1/2"]
[WhiteElo "2380"]
[BlackElo "2545"]
[PlyCount "39"]
[EventDate "1998.??.??"]
[EventType "swiss"]
[EventRounds "9"]
[EventCountry "RUS"]
[SourceTitle "EXT 2000"]
[Source "ChessBase"]
[SourceDate "1999.11.16"]
[SourceVersion "1"]
[SourceVersionDate "1999.11.16"]
[SourceQuality "1"]

1. e4 e6 2. d4 d5 3. Nc3 Nf6 4. Bg5 dxe4 5. Nxe4 Be7 6. Bxf6 gxf6 7. Nf3 b6 8. Bc4 Bb7 9. Qe2 c6 10. 0-0-0 Qc7 11. Kb1 Nd7 12. Rhe1 h5 13. g3 0-0-0 14. Ba6 Bxa6 15. Qxa6+ Kb8 16. c4 h4 17. a3 Rh5 18. Qa4 b5 19. Qb3 Nb6 20. c5 1/2-1/2